Statistics for Video Games by Clue

Click here to take the quiz!

General Stats

  • This quiz has been taken 65 times
  • The average score is 6 of 15

Answer Stats

HintAnswer% Correct
Big FPS on consoleCall of Duty
94%
Big XBOX only GameHalo
78%
Big Nintendo characterMario
74%
Big FPS on ConsoleBattlefield
69%
Big Sports GameFIFA
61%
Big PC Game were you live your own lifeThe Sims
54%
Ubisofts Biggest SeriesAssassins Creed
48%
Big FPS on PCCounter-Strike
37%
Big Jump Scare GameFive Nights at Freddy's
35%
Big Playstation Only GameUncharted
28%
Toughest Game by BethesdaDark Souls
19%
Biggest Polish GameThe Witcher
19%
Big Gory GameMortal Kombat
11%
Big FPS on ConsoleDestiny
6%
Series that ended June 2015Batman
4%

Score Distribution

Percentile by Number Answered

Percent of People with Each Score

Your Score History

You have not taken this quiz